MARC

LEADER 00000nas a2200000 a 4500
001 ssj0000291
003 WaSeSS
005 20200512172242.0
006 m d
007 cr n
008 990303d19932010nyuqr p s o 0 a0eng c
010 |a sn 99023372  
016 7 |a 1499076-3  |2 DE-600 
022 |a 2326-6023  |y 1077-3711 
035 |a (WaSeSS)ssj0000291 
040 |a EYM  |b eng  |c EYM  |d OCL  |d OCLCQ  |d UQ1  |d CIT  |d FUG  |d WAU  |d CUD  |d OCLCQ  |d DLC  |d OCLCQ  |d OCLCF  |d OCLCQ  |d DEBBG  |d GILDS  |d NJT  |d WaSeSS 
042 |a pcc  |a nsdp 
043 |a n-us--- 
050 1 4 |a LC2781 
082 0 0 |a 378.1/982996073/05  |2 23 
130 0 |a Journal of blacks in higher education (Online) 
222 4 |a The journal of blacks in higher education  |b (Online) 
245 1 4 |a The journal of blacks in higher education  |h [electronic resource]. 
246 1 6 |a JBHE 
260 |a New York, N.Y. :  |b CH II Publishers,  |c ©1993-2010. 
310 |a Quarterly 
362 0 |a No. 1 (autumn 1993)- 
362 1 |a Ceased with: Spr. 2010  |z email from publisher. 
506 |a License restrictions may limit access. 
515 |a Vol. for autumn 1993 called also inaugural issue. 
588 |a Description based on JSTOR World Wide Web homepage; title from title screen (viewed Mar. 3, 1999). 
588 |a Latest issue consulted: No. 66 (winter 2009/2010) (JSTOR website, viewed Feb. 11, 2013). 
650 0 |a African Americans  |x Education (Higher)  |v Periodicals. 
650 0 |a African American college students  |v Periodicals. 
650 0 |a African American college teachers  |v Periodicals. 
650 0 |a African American college administrators  |v Periodicals. 
650 0 |a African American universities and colleges  |v Periodicals. 
650 0 |a College students, Black  |z United States  |v Periodicals. 
650 0 |a College teachers, Black  |z United States  |v Periodicals. 
650 7 |a African American college administrators.  |2 fast  |0 (OCoLC)fst00799099 
650 7 |a African American college students.  |2 fast  |0 (OCoLC)fst00799102 
650 7 |a African American college teachers.  |2 fast  |0 (OCoLC)fst00799112 
650 7 |a African American universities and colleges.  |2 fast  |0 (OCoLC)fst00799426 
650 7 |a African Americans  |x Education (Higher)  |2 fast  |0 (OCoLC)fst00799607 
650 7 |a College students, Black.  |2 fast  |0 (OCoLC)fst00868108 
650 7 |a College teachers, Black.  |2 fast  |0 (OCoLC)fst00868192 
650 1 7 |a Afro-américain.  |2 rasuqam 
650 1 7 |a Enseignement supérieur.  |2 rasuqam 
651 7 |a United States.  |2 fast  |0 (OCoLC)fst01204155 
651 7 |a États-Unis.  |2 rasuqam 
655 0 |a Electronic journals. 
776 0 8 |i Print version:  |t Journal of blacks in higher education  |x 1077-3711  |w (DLC) 93664388  |w (OCoLC)28945968 
856 4 0 |z Full text available from Research Library: 01/01/2012 to present  |u https://search.proquest.com/publication/1056397